000 00652nam a2200229 a 4500
008
020 _a0582994713 (pbk.)
049 _aMAIN
090 _aTA174
100 1 _aHawkes, Barry.
245 1 4 _aThe engineering design process /
_cBarry Hawkes, Roy Abinett.
260 _a [S.L.] :
_bLongman Scientific & Technical,
_c1986.
300 _ax, 230 p. :
_bill. ;
_c25 cm.
500 _aIncludes index.
650 0 _aEngineering design.
700 1 _aAbinett, Ray.
907 _a.b10067140
_b31-01-07
_c17-04-03
003
005 20230123133550.0
040 _cNUST
942 _cBOOKS
_kTA174
999 _c150813
_d150813